[Event "Wch U12 Girls"]
[Site "Belfort"]
[Date "2005.07.27"]
[Round "10"]
[White "Vempati, Gayatri"]
[Black "Abdalla, Mona Khaled"]
[Result "1/2-1/2"]
[WhiteElo "1599"]
[BlackElo "1599"]
[PlyCount "105"]
[EventDate "2005.07.19"]
[EventType "swiss"]
[EventRounds "11"]
[EventCountry "FRA"]
[SourceTitle "CBM 107 Extra"]
[Source "ChessBase"]
[SourceDate "2005.09.01"]
[SourceVersion "1"]
[SourceVersionDate "2005.09.01"]
[SourceQuality "1"]

1. d4 e6 2. c4 f5 3. Nc3 Nf6 4. Nf3 d5 5. Bf4 Bd6 6. Bxd6 Qxd6 7. e3 c6 8. Bd3 0-0 9. 0-0 Ne4 10. Ne5 Nd7 11. Nxd7 Bxd7 12. f3 Nf6 13. Qc2 Rae8 14. Rae1 f4 15. c5 Qe7 16. exf4 g6 17. Kf2 Nh5 18. g3 Qf6 19. Ne2 Qf7 20. Ke3 b6 21. Kd2 Rb8 22. Ng1 Qf6 23. Qc3 bxc5 24. dxc5 Rxb2+ 25. Bc2 Rfb8 26. Qxf6 Nxf6 27. Rb1 Rxb1 28. Rxb1 Rxb1 29. Bxb1 Kf7 30. Ne2 Ne8 31. Kc3 Ke7 32. Bd3 Bc8 33. Kd4 Nc7 34. Ke5 Ba6 35. Bxa6 Nxa6 36. Kd4 Nb4 37. Kc3 a5 38. Nc1 Kf6 39. a3 Na6 40. Nd3 a4 41. Kd4 Nc7 42. Kc3 Na6 43. Kd4 Kf5 44. Ne5 Nb8 45. Kc3 g5 46. Nd3 gxf4 47. gxf4 Na6 48. Kd4 Nc7 49. Kc3 Na6 50. Kd4 h6 51. h3 h5 52. h4 Nc7 53. Kc3 1/2-1/2